Военные моряки в битвах за Москву

Detalhes bibliográficos
Autor principal: Терновский Г. В. Георгий Владимирович
Resumo:Книга представляет собой документальный исторический очерк об участии военных моряков в Бородинском сражении 1812 г. и в великой битве за Москву осенью и зимой 1941 и в первые месяцы 1942 г. Автор на основе архивных материалов, свидетельств участников и литературных источников последовательно излагает события, рассказывает о самоотверженности, героизме и легендарных подвигах посланцев Краснознаменного Балтийского, Тихоокеанского флотов и Каспийской военной флотилии в составе отдельных морских частей и соединений, участвовавших в оборонительных и наступательных боях под Москвой.
Idioma:russo
Publicado em: Москва, Наука, 1968
Assuntos:
Formato: MixedMaterials Livro
KOHA link:https://koha.lib.tpu.ru/cgi-bin/koha/opac-detail.pl?biblionumber=216003

MARC

LEADER 00000nam0a2200000 4500
001 216003
005 20231101230016.0
035 |a (RuTPU)RU\TPU\book\235964 
090 |a 216003 
100 |a 20120518d1968 m y0rusy50 ca 
101 0 |a rus 
102 |a RU 
105 |a a z 000zy 
200 1 |a Военные моряки в битвах за Москву  |f 01335nam0a2200361 i 450 
210 |a Москва  |c Наука  |d 1968 
215 |a 151 с.  |c ил. 
330 |a Книга представляет собой документальный исторический очерк об участии военных моряков в Бородинском сражении 1812 г. и в великой битве за Москву осенью и зимой 1941 и в первые месяцы 1942 г. Автор на основе архивных материалов, свидетельств участников и литературных источников последовательно излагает события, рассказывает о самоотверженности, героизме и легендарных подвигах посланцев Краснознаменного Балтийского, Тихоокеанского флотов и Каспийской военной флотилии в составе отдельных морских частей и соединений, участвовавших в оборонительных и наступательных боях под Москвой. 
606 1 |a Отечественная война 1812 в России  |2 stltpush  |3 (RuTPU)RU\TPU\subj\65359  |9 81909 
606 1 |a Моряки в Великой Отечественной войне 1941-1945  |2 stltpush  |3 (RuTPU)RU\TPU\subj\66676  |9 82727 
610 1 |a военные моряки 
610 1 |a фашизм 
610 1 |a Московская битва 
610 1 |a контрнаступление 
610 1 |a героизм 
610 1 |a подвиги 
686 |a Т3(2)521.1-686  |v LBC/SL-A  |2 rubbk 
686 |a Т3(2)622-35:Ц66  |v LBC/SL-A  |2 rubbk 
700 1 |a Терновский  |b Г. В.  |g Георгий Владимирович 
801 1 |a RU  |b 63413507  |c 20120518 
801 2 |a RU  |b 63413507  |c 20121225  |g RCR 
942 |c BK